000 00725nam a2200253Ia 4500
003 OSt
005 20220926004112.0
006 a|||||r|||| 00| 0
007 ta
008 220923b |||||||| |||| 00| 0 eng d
020 _a8120322061
037 _cGeneral Book
040 _aRTL
_cRTL
_beng
041 _2eng
_aeng
082 _aX:8:(S:44), N4;P3/TD3
100 _aRobbins Stephen P
245 0 _aEssentials of organizational behavior
250 _a7 7
260 _a New Delhi
_bPrentice Hall
_c2003
300 _axx, 300p.
_ccm.
650 _aManagement irt Decision Making
_9258029
942 _hX:8:(S:44), N4;P3/TD3
_cGB
_2CC
999 _c609776
_d609776